Synthesis of 1-deoxynojirimycin-containing disaccharides /
Saved in:
| Main Author: | |
|---|---|
| Format: | Thesis Book |
| Language: | English |
| Published: |
1998.
|
| Subjects: | |
| Tags: |
Add Tag
No Tags, Be the first to tag this record!
|
| LEADER | 00726cam a2200229 a 4500 | ||
|---|---|---|---|
| 001 | u433981 | ||
| 003 | SIRSI | ||
| 008 | 950307s1998 si v 00 1 eng m | ||
| 035 | |a ACG-4390 | ||
| 040 | |a UMM | ||
| 090 | |a QP609 |b G45Che | ||
| 100 | 1 | 0 | |a Chen, Qian. |
| 245 | 1 | 0 | |a Synthesis of 1-deoxynojirimycin-containing disaccharides / |c by Chen Qian. |
| 260 | |c 1998. | ||
| 300 | |a 75 leaves : |b ill. ; |c 30 cm. | ||
| 502 | |a Dissertation (M.Sc.) -- National University of Singapore, 1998. | ||
| 504 | |a Bibliography: leaves 68-74. | ||
| 650 | 0 | |a Glycosidase inhibitor |x Synthesis | |
| 650 | 0 | |a Disaccharides | |
| 948 | |a 08/01/1999 |b 20/03/1999 | ||
| 596 | |a 1 | ||
| 999 | |a QP609 G45CHE |w LC |c 1 |i A508374816 |l STACKS |m P01UTAMA |r Y |s Y |t TESIS |u 12/4/1999 | ||
